FOSIS. Fondo de solidaridad e inversión social de Chile
Se presentan datos sobre economía y población para estudiar el tema del Fondo Hondureño de Inversión Social. Entre ellos las características del fondo y sus objetivos, su organización institucional y administrativa, sus formas de operación, los recursos con que cuenta, programas y proyectos las rela...
Guardat en:
| Autor principal: | |
|---|---|
| Format: | Text |
| Idioma: | Spanish |
| Publicat: |
Santiago:
OIT. PREALC
|
| Matèries: | |
| Etiquetes: |
Afegir etiqueta
Sense etiquetes, Sigues el primer a etiquetar aquest registre!
|
MARC
| LEADER | 00000 a a2200000 04500 | ||
|---|---|---|---|
| 001 | 37290 | ||
| 003 | cru CIDCACS/IIS | ||
| 005 | 20230707102023.0 | ||
| 008 | 230508b |||||||| |||| 00| 0 spa d | ||
| 020 | |a 92-2-309348-1 | ||
| 040 | |c CRAI/IIS | ||
| 090 | |a 0001 W967f | ||
| 100 | |a Wurgaft, José | ||
| 245 | |a FOSIS. |b Fondo de solidaridad e inversión social de Chile | ||
| 260 | |a Santiago: |b OIT. PREALC | ||
| 300 | |a 97-124 p. | ||
| 520 | |a Se presentan datos sobre economía y población para estudiar el tema del Fondo Hondureño de Inversión Social. Entre ellos las características del fondo y sus objetivos, su organización institucional y administrativa, sus formas de operación, los recursos con que cuenta, programas y proyectos las relaciones con el resto del sector público, ONG`s, contratistas privados y beneficiarios la sostenibilidad y desarrollo de las inversiones así como los efectos del FHIS sobre la creación de empleo y los efectos sobre el ingreso | ||
| 650 | |a INVERSIONES | ||
| 650 | |a HONDURAS | ||
| 773 | 0 | |0 8189 |9 8797 |a Wurgaft, José |d Santiago: OIT. PREALC 1993 |o 04855 |t Fondos de inversión social en América Latina / |w (cru CIDCAS/IIS)14698 |x 92-2-309348-1 |z 92-2-309348-1 | |
| 942 | |2 ddc |c LI | ||
| 999 | |c 12603 |d 12603 | ||



